000 00803nam a2200253 a 4500
001 BRL_1417
005 20190320211208.0
008 130114s1977----mx-ao#####---#000-0#esp-#
041 _aesp
044 _amx
050 4 _aSF309
_b.R56 1977
100 1 _aRincón Gallardo, Carlos
_cduque de Regla
_d1874-1950
_926838
245 1 0 _aEl libro del charro mexicano
_cD. Carlos Rincon Gallardo y Romero de Terreros, duque de Regla, Marques de Guadalupe y Marques de Villahermosa.
250 _a5a ed.
260 _aMéxico
_bPorrúa
_c1977
300 _alx, 334 p.
_bil.
_c23 cm.
500 _aAu1601
650 1 4 _aEquitación
_917001
650 1 4 _aCaballos
_917002
650 1 4 _aCorridas de toros
_zMéxico
_926839
651 4 _aMéxico
_xVida social y costumbres
_9769
902 _aGRL
942 _2lcc
_cB
999 _c10227
_d10227